| 000 | 00563nam a2200205Ia 4500 | ||
|---|---|---|---|
| 003 | GCL | ||
| 008 | 140319s9999 xx 000 0 ara d | ||
| 040 |
_aGCL / _cGCL |
||
| 082 | 0 | 4 |
_a813.03 _bع خ |
| 100 | 1 | _aعبدالفتاح الجمل | |
| 245 | 1 | 0 |
_aالخوف / _cعبدالفتاح الجمل |
| 300 | _a126 ص | ||
| 490 |
_aمختارات فصول _v0 |
||
| 650 | 0 | 4 | _aالادب العربى |
| 650 | 0 | 4 | _aالقصص العربية |
| 650 | 0 | 4 | _aالادب |
| 650 | 0 | 4 | _aالقصة العربية |
| 650 | 0 | 4 | _aالائتمان |
| 942 |
_2ddc _cBK |
||
| 999 |
_c40583 _d40583 |
||